header

The Tradition of the Trojan War in Homer and the epic cycle (Record no. 10372)

MARC details
000 -LEADER
fixed length control field 01609nam a2200397Ia 4500
082 04 - DEWEY DECIMAL CLASSIFICATION NUMBER
Classification number 883/.01
100 1# - MAIN ENTRY--AUTHOR NAME
Personal name Burgess, Jonathan S.,
245 14 - TITLE STATEMENT
Title The Tradition of the Trojan War in Homer and the epic cycle
260 ## - PUBLICATION, DISTRIBUTION, ETC. (IMPRINT)
Place of publication Baltimore, Md. :
Name of publisher Johns Hopkins University Press,
Year of publication 2001.
300 ## - PHYSICAL DESCRIPTION
Number of Pages xvi, 295 p. :
Other physical details ill.
650 #0 - SUBJECT ADDED ENTRY--TOPICAL TERM
Topical Term Epic poetry, Greek
Topical Term Trojan War
Topical Term Influence (Literary, artistic, etc.)
Topical Term Literature and history
Topical Term Lost literature
Topical Term Cycles (Literature)
856 40 - ELECTRONIC LOCATION AND ACCESS
Uniform Resource Identifier http://site.ebrary.com/lib/rucke/Doc?id=10021686

No items available.

© 2026 Rongo University
Contact us: librarian | system librarian | Rongo university